Statistics for Every NBA Finals Runner-Up

Click here to take the quiz!

General Stats

  • This quiz has been taken 74 times
    (5 since last reset)
  • The average score is 31 of 71

Answer Stats

YearTeam% Correct
2020Miami Heat
100%
1998Utah Jazz
80%
1997Utah Jazz
80%
2004Los Angeles Lakers
80%
2006Dallas Mavericks
80%
2007Cleveland Cavaliers
80%
2008Los Angeles Lakers
80%
1991Los Angeles Lakers
80%
2010Boston Celtics
80%
2011Miami Heat
80%
2019Golden State Warriors
80%
2013San Antonio Spurs
80%
2014Miami Heat
80%
2015Cleveland Cavaliers
80%
2016Golden State Warriors
80%
2017Cleveland Cavaliers
80%
2018Cleveland Cavaliers
80%
2001Philadelphia 76ers
80%
1995Orlando Magic
60%
1996Seattle SuperSonics
60%
1994New York Knicks
60%
2012Oklahoma City Thunder
60%
2002New Jersey Nets
60%
2003New Jersey Nets
60%
2005Detroit Pistons
60%
2009Orlando Magic
60%
2000Indiana Pacers
60%
1999New York Knicks
40%
1969Los Angeles Lakers
40%
1965Los Angeles Lakers
40%
1963Los Angeles Lakers
40%
1962Los Angeles Lakers
40%
1959Minneapolis Lakers
40%
1958Boston Celtics
40%
1982Philadelphia 76ers
40%
1983Los Angeles Lakers
40%
1984Los Angeles Lakers
40%
1988Detroit Pistons
40%
1966Los Angeles Lakers
40%
1993Phoenix Suns
40%
1992Portland Trail Blazers
40%
1989Los Angeles Lakers
40%
1968Los Angeles Lakers
40%
1987Boston Celtics
40%
1957St. Louis Hawks
20%
1956Fort Wayne Pistons
20%
1952New York Knicks
20%
1960St. Louis Hawks
20%
1961St. Louis Hawks
20%
1951New York Knicks
20%
1955Fort Wayne Pistons
20%
1964San Francisco Warriors
20%
1953New York Knicks
20%
1985Boston Celtics
20%
1967San Francisco Warriors
20%
1970Los Angeles Lakers
20%
1986Houston Rockets
20%
1981Houston Rockets
20%
1980Philadelphia 76ers
20%
1978Seattle SuperSonics
20%
1977Philadelphia 76ers
20%
1976Phoenix Suns
20%
1974Milwaukee Bucks
20%
1973Los Angeles Lakers
20%
1972New York Knicks
20%
1975Washington Bullets
0%
1979Washington Bullets
0%
1954Syracuse Nationals
0%
1971Baltimore Bullets
0%
1990Portland Trail Blazers
0%
1950Syracuse Nationals
0%

Score Distribution

Percentile by Number Answered

Percent of People with Each Score

Your Score History

You have not taken this quiz since the last reset